00825nam a2200265Ia 4500008004100000020001600041050000800057050001000065100002000075245001500095245005600110260003300166260002400199260000900223300002500232440002100257500004900278650001700327650002800344650001400372650001300386650002500399999001900424952011600443170203s9999 xx 000 0 und d a0-721415571 aFic bF275r aBaxter, Nicola. aRapunzel / cby Nicola Baxter ; illustrated by Martin Aitchison. aLoughborough, Leicestershire bLadybird books Ltd. c1993 a25 unnumbered pages. aFavourite Tales. a"Based on the story by Jacob Wilhelm Grimm." aFairy tales. aFolklore -- Germany --  aFolklore. aGermany. xJuvenile literature. c306638d306638 001040aSSISBbSSISBcGS FICTIONd2017-02-03l0oFic .F275r 1993pLS-1349r2017-02-03 00:00:00w2017-02-03yBK